<?xml version="1.0" encoding="UTF-8"?>
<record
    xmlns:xsi="http://www.w3.org/2001/XMLSchema-instance"
    xsi:schemaLocation="http://www.loc.gov/MARC21/slim http://www.loc.gov/standards/marcxml/schema/MARC21slim.xsd"
    xmlns="http://www.loc.gov/MARC21/slim">

  <leader>01772nam a22003375a 4500</leader>
  <controlfield tag="003">OSt</controlfield>
  <controlfield tag="005">20180104120024.0</controlfield>
  <controlfield tag="008">161017s2013    ua     frd    000 0 mul d</controlfield>
  <datafield tag="020" ind1=" " ind2=" ">
    <subfield code="a">9789779006468</subfield>
  </datafield>
  <datafield tag="020" ind1=" " ind2=" ">
    <subfield code="a">9779006468</subfield>
  </datafield>
  <datafield tag="040" ind1=" " ind2=" ">
    <subfield code="a">EG-ScBUE</subfield>
    <subfield code="b">eng</subfield>
    <subfield code="c">EG-ScBUE</subfield>
  </datafield>
  <datafield tag="041" ind1="0" ind2=" ">
    <subfield code="a">ara</subfield>
    <subfield code="a">eng</subfield>
    <subfield code="a">fre</subfield>
  </datafield>
  <datafield tag="082" ind1="0" ind2="4">
    <subfield code="a">332.03</subfield>
    <subfield code="b">&#x623; &#x633; &#x64A;</subfield>
    <subfield code="2">22</subfield>
  </datafield>
  <datafield tag="100" ind1="1" ind2=" ">
    <subfield code="a">&#x623;&#x633;&#x64A;&#x648;&#x637;&#x64A;&#x60C; &#x645;&#x62C;&#x62F;&#x64A; &#x646;&#x627;&#x641;&#x62F;.</subfield>
  </datafield>
  <datafield tag="245" ind1="1" ind2="0">
    <subfield code="a">&#x645;&#x639;&#x62C;&#x645; &#x627;&#x644;&#x645;&#x627;&#x644; &#x648;&#x627;&#x644;&#x623;&#x639;&#x645;&#x627;&#x644; :</subfield>
    <subfield code="b">&#x639;&#x631;&#x628;&#x64A; - &#x625;&#x646;&#x62C;&#x644;&#x64A;&#x632;&#x64A; - &#x641;&#x631;&#x646;&#x633;&#x64A; = Finance and business dictionary : Arabic - English - French &#x61B; &#x64A;&#x644;&#x62D;&#x642;&#x647; &#x645;&#x62F;&#x62E;&#x644; &#x625;&#x644;&#x649; &#x627;&#x644;&#x646;&#x62D;&#x648; /</subfield>
    <subfield code="c">&#x625;&#x639;&#x62F;&#x627;&#x62F; &#x645;&#x62C;&#x62F;&#x64A; &#x646;&#x627;&#x641;&#x62F; &#x627;&#x644;&#x623;&#x633;&#x64A;&#x648;&#x637;&#x64A; &#x61B; &#x628;&#x627;&#x644;&#x627;&#x634;&#x62A;&#x631;&#x627;&#x643; &#x645;&#x639; &#x622;&#x645;&#x627;&#x644; &#x645;&#x62C;&#x62F;&#x64A; &#x646;&#x627;&#x641;&#x62F; &#x627;&#x644;&#x623;&#x633;&#x64A;&#x648;&#x637;&#x64A;&#x60C; &#x633;&#x644;&#x648;&#x649; &#x645;&#x62C;&#x62F;&#x64A; &#x646;&#x627;&#x641;&#x62F; &#x627;&#x644;&#x623;&#x633;&#x64A;&#x648;&#x637;&#x64A;&#x60C; &#x639;&#x627;&#x62F;&#x644; &#x645;&#x62C;&#x62F;&#x64A; &#x646;&#x627;&#x641;&#x62F; &#x627;&#x644;&#x623;&#x633;&#x64A;&#x648;&#x637;&#x64A;.</subfield>
  </datafield>
  <datafield tag="246" ind1="3" ind2="1">
    <subfield code="a">Finance and business dictionary : Arabic - English - French : newest banking, financial, commercial and economic terms annexed with Arabic grammar</subfield>
  </datafield>
  <datafield tag="250" ind1=" " ind2=" ">
    <subfield code="a">&#x637;. 1.</subfield>
  </datafield>
  <datafield tag="260" ind1=" " ind2=" ">
    <subfield code="a">&#x627;&#x644;&#x642;&#x627;&#x647;&#x631;&#x629; :</subfield>
    <subfield code="b">&#x627;&#x644;&#x623;&#x633;&#x64A;&#x648;&#x637;&#x64A; :</subfield>
    <subfield code="b">&#x645;&#x624;&#x633;&#x633;&#x629; &#x627;&#x644;&#x623;&#x647;&#x631;&#x627;&#x645;&#x60C;</subfield>
    <subfield code="c">2013.</subfield>
  </datafield>
  <datafield tag="300" ind1=" " ind2=" ">
    <subfield code="a">1040&#x60C; 142 &#x635;. &#x61B;</subfield>
    <subfield code="c">24 &#x633;&#x645;.</subfield>
  </datafield>
  <datafield tag="546" ind1=" " ind2=" ">
    <subfield code="a">&#x627;&#x644;&#x646;&#x635; &#x628;&#x627;&#x644;&#x644;&#x63A;&#x629; &#x627;&#x644;&#x639;&#x631;&#x628;&#x64A;&#x629; &#x648;&#x627;&#x644;&#x625;&#x646;&#x62C;&#x644;&#x64A;&#x632;&#x64A;&#x629; &#x648;&#x627;&#x644;&#x641;&#x631;&#x646;&#x633;&#x64A;&#x629;.</subfield>
  </datafield>
  <datafield tag="650" ind1=" " ind2="7">
    <subfield code="a">&#x627;&#x644;&#x645;&#x627;&#x644;&#x64A;&#x629;</subfield>
    <subfield code="v">&#x645;&#x639;&#x62C;&#x645; &#x645;&#x635;&#x637;&#x644;&#x62D;&#x627;&#x62A;.</subfield>
    <subfield code="2">BUEsh</subfield>
  </datafield>
  <datafield tag="650" ind1=" " ind2="7">
    <subfield code="a">&#x625;&#x62F;&#x627;&#x631;&#x629; &#x627;&#x644;&#x623;&#x639;&#x645;&#x627;&#x644;</subfield>
    <subfield code="v">&#x645;&#x639;&#x62C;&#x645; &#x645;&#x635;&#x637;&#x644;&#x62D;&#x627;&#x62A;.</subfield>
    <subfield code="2">BUEsh</subfield>
  </datafield>
  <datafield tag="650" ind1=" " ind2="7">
    <subfield code="a">&#x627;&#x644;&#x628;&#x646;&#x648;&#x643;</subfield>
    <subfield code="v">&#x645;&#x639;&#x62C;&#x645; &#x645;&#x635;&#x637;&#x644;&#x62D;&#x627;&#x62A;.</subfield>
    <subfield code="2">BUEsh</subfield>
  </datafield>
  <datafield tag="651" ind1=" " ind2=" ">
    <subfield code="2">BUEsh</subfield>
  </datafield>
  <datafield tag="653" ind1=" " ind2=" ">
    <subfield code="b">EEENG</subfield>
    <subfield code="b">HHUUEENN</subfield>
    <subfield code="b">BUSECO</subfield>
    <subfield code="b">BUSADM</subfield>
    <subfield code="c">October2016</subfield>
    <subfield code="c">January2018</subfield>
  </datafield>
  <datafield tag="700" ind1="1" ind2=" ">
    <subfield code="a">&#x623;&#x633;&#x64A;&#x648;&#x637;&#x64A;&#x60C; &#x622;&#x645;&#x627;&#x644; &#x645;&#x62C;&#x62F;&#x64A; &#x646;&#x627;&#x641;&#x62F;&#x60C;</subfield>
    <subfield code="e">&#x645;&#x634;&#x627;&#x631;&#x643;.</subfield>
  </datafield>
  <datafield tag="700" ind1="1" ind2=" ">
    <subfield code="a">&#x623;&#x633;&#x64A;&#x648;&#x637;&#x64A;&#x60C; &#x633;&#x644;&#x648;&#x649; &#x645;&#x62C;&#x62F;&#x64A; &#x646;&#x627;&#x641;&#x62F;&#x60C;</subfield>
    <subfield code="e">&#x645;&#x634;&#x627;&#x631;&#x643;.</subfield>
  </datafield>
  <datafield tag="700" ind1="1" ind2=" ">
    <subfield code="a">&#x623;&#x633;&#x64A;&#x648;&#x637;&#x64A;&#x60C; &#x639;&#x627;&#x62F;&#x644; &#x645;&#x62C;&#x62F;&#x64A; &#x646;&#x627;&#x641;&#x62F;&#x60C;</subfield>
    <subfield code="e">&#x645;&#x634;&#x627;&#x631;&#x643;.</subfield>
  </datafield>
  <datafield tag="740" ind1="0" ind2="2">
    <subfield code="a">&#x645;&#x62F;&#x62E;&#x644; &#x625;&#x644;&#x649; &#x627;&#x644;&#x646;&#x62D;&#x648;</subfield>
  </datafield>
  <datafield tag="942" ind1=" " ind2=" ">
    <subfield code="2">ddc</subfield>
  </datafield>
  <datafield tag="999" ind1=" " ind2=" ">
    <subfield code="c">22629</subfield>
    <subfield code="d">22601</subfield>
  </datafield>
  <datafield tag="952" ind1=" " ind2=" ">
    <subfield code="0">0</subfield>
    <subfield code="1">0</subfield>
    <subfield code="2">ddc</subfield>
    <subfield code="4">0</subfield>
    <subfield code="7">0</subfield>
    <subfield code="8">Academic</subfield>
    <subfield code="a">MAIN</subfield>
    <subfield code="b">MAIN</subfield>
    <subfield code="c">0TH</subfield>
    <subfield code="d">2016-10-17</subfield>
    <subfield code="e">Purchase</subfield>
    <subfield code="g">170.00</subfield>
    <subfield code="h">9119</subfield>
    <subfield code="o">332.03 &#x623; &#x633; &#x64A;</subfield>
    <subfield code="p">000034119</subfield>
    <subfield code="q">2017-09-18</subfield>
    <subfield code="r">2017-08-21 00:00:00</subfield>
    <subfield code="s">2017-08-21</subfield>
    <subfield code="v">212.50</subfield>
    <subfield code="y">BB</subfield>
  </datafield>
  <datafield tag="952" ind1=" " ind2=" ">
    <subfield code="0">0</subfield>
    <subfield code="1">0</subfield>
    <subfield code="2">ddc</subfield>
    <subfield code="4">0</subfield>
    <subfield code="7">0</subfield>
    <subfield code="8">Academic</subfield>
    <subfield code="a">MAIN</subfield>
    <subfield code="b">MAIN</subfield>
    <subfield code="c">0TH</subfield>
    <subfield code="d">2018-01-04</subfield>
    <subfield code="e">Purchase</subfield>
    <subfield code="g">170.00</subfield>
    <subfield code="h">1842</subfield>
    <subfield code="o">332.03 &#x623; &#x633; &#x64A;</subfield>
    <subfield code="p">000042781</subfield>
    <subfield code="r">2025-07-15 00:00:00</subfield>
    <subfield code="v">218.75</subfield>
    <subfield code="y">REFERENCE</subfield>
  </datafield>
</record>
